[Event "Muscat-ch op"]
[Site "Muscat"]
[Date "2024.12.29"]
[Round "6"]
[White "Ilaan, Shafeek"]
[Black "Shamas, Salim Ahmed"]
[Result "1-0"]
[WhiteElo "1607"]
[BlackElo "1742"]
[PlyCount "29"]
[EventDate "2024.12.26"]
[EventType "swiss"]
[EventRounds "9"]
[EventCountry "OMN"]
[SourceTitle "CB01_2025"]
[SourceDate "2025.01.01"]
[SourceVersion "1"]
[SourceVersionDate "2025.01.01"]
[SourceQuality "1"]

1. e4 e5 2. Nf3 Nc6 3. d4 exd4 4. Bc4 h6 5. Nxd4 Nf6 6. Nc3 Be7 7. 0-0 0-0 8. Nxc6 dxc6 9. Bf4 b5 10. Bb3 b4 11. e5 bxc3 12. exf6 Bxf6 13. bxc3 Bxc3 14. Qxd8 Rxd8 15. Rad1 1-0

[Event "Muscat-ch op"]
[Site "Muscat"]
[Date "2024.12.28"]
[Round "4"]
[White "Orozbaev, Eldiar"]
[Black "Shamas, Salim Ahmed"]
[Result "1-0"]
[WhiteElo "2420"]
[BlackElo "1742"]
[PlyCount "35"]
[EventDate "2024.12.26"]
[EventType "swiss"]
[EventRounds "9"]
[EventCountry "OMN"]
[SourceTitle "CB01_2025"]
[SourceDate "2025.01.01"]
[SourceVersion "1"]
[SourceVersionDate "2025.01.01"]
[SourceQuality "1"]

1. e4 g6 2. d4 d6 3. Nc3 a6 4. Nf3 Bg7 5. Bf4 b5 6. Qd2 Bb7 7. Bd3 Nd7 8. a4 b4 9. Ne2 Rb8 10. 0-0 Ngf6 11. Ng3 0-0 12. Rfe1 c5 13. e5 Nd5 14. Bh6 cxd4 15. Bxg7 Kxg7 16. Nh5+ Kh8 17. Qh6 Rg8 18. Qd2 1-0

[Event "Salalah Dhofar op"]
[Site "Salalah"]
[Date "2024.07.25"]
[Round "2"]
[White "Shamas, Salim Ahmed"]
[Black "Stativkin, Dmitriy"]
[Result "0-1"]
[WhiteElo "1758"]
[BlackElo "2157"]
[PlyCount "64"]
[EventDate "2024.07.25"]
[EventType "swiss"]
[EventRounds "7"]
[EventCountry "OMN"]
[SourceTitle "EXT 2025"]
[Source "ChessBase"]
[SourceDate "2024.10.14"]
[SourceVersion "1"]
[SourceVersionDate "2024.10.14"]
[SourceQuality "1"]

1. d4 Nf6 2. Nf3 c5 3. e3 e6 4. b3 b6 5. Bb2 Bb7 6. Nbd2 Be7 7. Bd3 0-0 8. 0-0 d6 9. c4 Nbd7 10. Qe2 Re8 11. Rad1 Qc7 12. h3 Bf8 13. e4 cxd4 14. Nxd4 a6 15. g4 d5 16. f3 Qg3+ 17. Qg2 Qxg2+ 18. Kxg2 Nc5 19. Bc2 dxe4 20. fxe4 Nfxe4 21. Kg1 Rad8 22. N2f3 e5 23. Nf5 g6 24. Ne3 Ng3 25. Rf2 Nce4 26. Nd5 Bxd5 27. cxd5 Bc5 28. b4 Bxf2+ 29. Kg2 Bd4 30. Nxd4 exd4 31. Rxd4 Nd6 32. Bc1 Ne2 0-1

[Event "OMA-ch 11th"]
[Site "Muscat"]
[Date "2024.01.28"]
[Round "6"]
[White "Al Masheki, Abdislam"]
[Black "Shamas, Salim Ahmed"]
[Result "0-1"]
[WhiteElo "1691"]
[BlackElo "1585"]
[PlyCount "140"]
[EventDate "2024.01.24"]
[EventType "swiss"]
[EventRounds "9"]
[EventCountry "OMN"]
[SourceTitle "CBM 218 Extra"]
[Source "ChessBase"]
[SourceDate "2024.03.31"]
[SourceVersion "1"]
[SourceVersionDate "2024.03.31"]
[SourceQuality "1"]

1. e4 c5 2. Nc3 e6 3. f4 Nc6 4. Nf3 Qc7 5. e5 a6 6. d4 cxd4 7. Nxd4 b5 8. Nxc6 Qxc6 9. Be2 Qb6 10. Bf3 Rb8 11. Qd3 Bc5 12. Ne4 Be7 13. Be3 Qc7 14. c3 Nh6 15. Nd6+ Bxd6 16. exd6 Qc4 17. Qd2 Bb7 18. b3 Qc8 19. 0-0 0-0 20. Ba7 Ra8 21. Bb6 Bxf3 22. Rxf3 Qc6 23. Bc7 Qc5+ 24. Qf2 Qxf2+ 25. Kxf2 Ng4+ 26. Kg1 f5 27. c4 Nf6 28. c5 Nd5 29. Rd1 a5 30. Rxd5 exd5 31. Rd3 g6 32. Rxd5 Rfe8 33. Rd2 Ra6 34. Rc2 Rc6 35. Bxa5 Re6 36. Bc7 Re4 37. g3 Kf7 38. Kf2 Ke6 39. Ba5 b4 40. Bb6 Rc8 41. Rd2 Rc6 42. Kf3 h5 43. Kf2 Kf6 44. Rc2 Ke6 45. Rd2 Kf6 46. Kf3 Ke6 47. h3 Re1 48. g4 Re4 49. gxh5 gxh5 50. Rg2 Rc8 51. Rg6+ Kd5 52. Rf6 Re1 53. Rxf5+ Kc6 54. Ba5 Ra1 55. Bxb4 Rxa2 56. Re5 Rb8 57. Be1 Rxb3+ 58. Ke4 Re2+ 59. Kf5 Rxe5+ 60. fxe5 Rxh3 61. Kf6 Rf3+ 62. Kg6 Re3 63. Bh4 Rxe5 64. Bg5 Kxc5 65. Kxh5 Kxd6 66. Kg4 Kd5 67. Bd8 Ke4 68. Kg3 Rf5 69. Bc7 d5 70. Kg4 d4 0-1

[Event "OMA-chT 6th"]
[Site "Muscat"]
[Date "2023.08.05"]
[Round "3.4"]
[White "Shamas, Salim Ahmed"]
[Black "Al Balushi, Said"]
[Result "1-0"]
[WhiteElo "1589"]
[BlackElo "1497"]
[PlyCount "85"]
[EventDate "2023.08.03"]
[EventType "team-swiss"]
[EventRounds "9"]
[EventCountry "OMN"]
[SourceTitle "EXT 2024"]
[Source "ChessBase"]
[SourceDate "2023.10.10"]
[SourceVersion "1"]
[SourceVersionDate "2023.10.10"]
[SourceQuality "1"]
[WhiteTeam "Salalah II"]
[BlackTeam "Ibri"]
[WhiteTeamCountry "OMN"]
[BlackTeamCountry "OMN"]

1. c4 f5 2. Nc3 Nf6 3. g3 d6 4. Bg2 e5 5. e3 Be7 6. Nge2 a5 7. b3 c6 8. Bb2 0-0 9. 0-0 Na6 10. f4 e4 11. d3 Ng4 12. Qd2 d5 13. h3 Nf6 14. d4 Be6 15. c5 b6 16. cxb6 Qxb6 17. Na4 Qc7 18. Rfc1 Bf7 19. Bc3 Ba3 20. Bb2 Bxb2 21. Nxb2 Rfc8 22. Rc3 Bh5 23. Rac1 Nb4 24. Na4 Bxe2 25. Qxe2 Nd3 26. R1c2 Nb4 27. Rd2 Nd7 28. Bf1 Nb6 29. Nc5 a4 30. a3 Nd3 31. Nxd3 exd3 32. Qxd3 axb3 33. Qxf5 Rxa3 34. Rb2 Nc4 35. Qe6+ Kh8 36. Bxc4 dxc4 37. Rxc4 Ra1+ 38. Kg2 Rca8 39. Rxc6 Qb7 40. Rxb3 R8a2+ 41. Kf3 Rf1+ 42. Ke4 Qxb3 43. Rc8# 1-0

[Event "OMA-chT Clubs"]
[Site "Muscat"]
[Date "2022.09.01"]
[Round "8.2"]
[White "Shreyas, Seshadri Nallore"]
[Black "Shamas, Salim Ahmed"]
[Result "1-0"]
[WhiteElo "1653"]
[BlackElo "1663"]
[PlyCount "53"]
[EventDate "2022.08.26"]
[EventType "team-swiss"]
[EventRounds "9"]
[EventCountry "OMN"]
[SourceTitle "EXT 2023"]
[Source "ChessBase"]
[SourceDate "2022.10.05"]
[SourceVersion "1"]
[SourceVersionDate "2022.10.05"]
[SourceQuality "1"]
[WhiteTeam "Ibri II"]
[BlackTeam "Salalah"]
[WhiteTeamCountry "OMN"]
[BlackTeamCountry "OMN"]

1. Nf3 Nf6 2. b3 b6 3. Bb2 Bb7 4. e3 e6 5. d4 d5 6. Bd3 Bd6 7. 0-0 0-0 8. Nbd2 Nbd7 9. c3 Ne4 10. Qc2 f5 11. Rfd1 Rf6 12. Ne5 Nxe5 13. dxe5 Bxe5 14. Bxe4 Bxh2+ 15. Kxh2 Rh6+ 16. Kg1 Qh4 17. Kf1 fxe4 18. Ke1 Qh1+ 19. Ke2 Qxg2 20. Rg1 Qh3 21. Raf1 Qh5+ 22. Ke1 Rf6 23. c4 e5 24. cxd5 Bxd5 25. Nxe4 Rc6 26. Qxc6 Qf3 27. Qxd5+ 1-0

[Event "OMA-ch"]
[Site "Muscat"]
[Date "2022.02.16"]
[Round "8"]
[White "Al Amri, Mahad"]
[Black "Shamas, Salim Ahmed"]
[Result "1-0"]
[WhiteElo "1596"]
[BlackElo "1703"]
[PlyCount "133"]
[EventDate "2022.02.10"]
[EventType "swiss"]
[EventRounds "9"]
[EventCountry "OMN"]
[SourceTitle "EXT 2023"]
[Source "ChessBase"]
[SourceDate "2022.10.05"]
[SourceVersion "1"]
[SourceVersionDate "2022.10.05"]
[SourceQuality "1"]

1. e4 c5 2. Nf3 e6 3. d4 cxd4 4. Nxd4 a6 5. c4 Nf6 6. Nc3 Qc7 7. Bd3 Bc5 8. Nb3 Be7 9. 0-0 0-0 10. f4 d6 11. Be3 Nbd7 12. g4 g6 13. f5 Ne5 14. g5 Nfg4 15. Bf4 Rd8 16. f6 Bf8 17. Be2 Qb6+ 18. Qd4 Qc7 19. h3 Nc6 20. Qd2 Nge5 21. Rac1 b6 22. h4 Bb7 23. h5 Na5 24. hxg6 fxg6 25. Nxa5 bxa5 26. b3 Rd7 27. Rf2 Nf7 28. Bg4 Re8 29. Rd1 Bc6 30. Kg2 Qb7 31. Bf3 Rc7 32. Kg3 Qb4 33. Rh1 Qc5 34. Rfh2 Ne5 35. Be3 Nxf3 36. Kxf3 Qf5+ 37. Kg3 Bxe4 38. Rf1 Qxf1 39. Nxe4 Qf5 40. Nxd6 Bxd6+ 41. Qxd6 Rf7 42. Rd2 h6 43. gxh6 e5 44. Rf2 Qe4 45. Bd2 Qb7 46. Bxa5 e4 47. c5 e3 48. Rf4 e2 49. Be1 Qh1 50. Qd2 Qg1+ 51. Kf3 Qh1+ 52. Kg3 Re5 53. h7+ Kxh7 54. Rh4+ Qxh4+ 55. Kxh4 Rxf6 56. Qd7+ Kh6 57. Qd2+ g5+ 58. Kg4 Re4+ 59. Kg3 Kh5 60. Qd7 Re3+ 61. Kg2 Rf1 62. Qd2 Re4 63. c6 Rg4+ 64. Kh2 Re4 65. c7 Re8 66. c8Q Rxc8 67. Qxe2+ 1-0

[Event "OMA-chT"]
[Site "Muscat"]
[Date "2020.01.30"]
[Round "7.7"]
[White "Fadhil, Salim Ahmed"]
[Black "Shamas, Salim Ahmed"]
[Result "1/2-1/2"]
[WhiteElo "1627"]
[BlackElo "1740"]
[PlyCount "36"]
[EventDate "2020.01.25"]
[EventType "team-swiss"]
[EventRounds "9"]
[EventCountry "OMN"]
[SourceTitle "CBM 194 Extra"]
[Source "ChessBase"]
[SourceDate "2020.03.31"]
[SourceVersion "1"]
[SourceVersionDate "2020.03.31"]
[SourceQuality "1"]

1. e4 Nc6 2. d4 e5 3. Nf3 exd4 4. Nxd4 Bc5 5. Nxc6 Qf6 6. Qe2 dxc6 7. Nc3 Be6 8. Be3 Bb4 9. Bd2 0-0-0 10. a3 Bc5 11. 0-0-0 Qxf2 12. Qxf2 Bxf2 13. Bd3 Ne7 14. Rdf1 Bd4 15. Ne2 Be5 16. Nf4 Bxf4 17. Bxf4 Ng6 18. Be3 Ne5 1/2-1/2

[Event "OMA-chT"]
[Site "Muscat"]
[Date "2020.01.29"]
[Round "6.11"]
[White "Shamas, Salim Ahmed"]
[Black "Al Wahaibi, Salah"]
[Result "1-0"]
[WhiteElo "1740"]
[BlackElo "1213"]
[PlyCount "117"]
[EventDate "2020.01.25"]
[EventType "team-swiss"]
[EventRounds "9"]
[EventCountry "OMN"]
[SourceTitle "CBM 194 Extra"]
[Source "ChessBase"]
[SourceDate "2020.03.31"]
[SourceVersion "1"]
[SourceVersionDate "2020.03.31"]
[SourceQuality "1"]

1. d4 d5 2. Nf3 h6 3. e3 Nf6 4. Bd3 e6 5. b3 Be7 6. Bb2 b6 7. Nbd2 Ba6 8. c4 c6 9. Ne5 0-0 10. 0-0 Qc7 11. f4 c5 12. Rc1 Nbd7 13. Qf3 Bb7 14. Qh3 Nxe5 15. fxe5 Nh7 16. Qg4 Qc8 17. Rf3 Qe8 18. Rg3 g6 19. Rf1 h5 20. Qxh5 Kh8 21. Qh6 Rg8 22. Rh3 Rg7 23. cxd5 Bxd5 24. e4 Kg8 25. Rg3 Bc6 26. d5 Bd7 27. d6 Bg5 28. Rxg5 Nxg5 29. Qxg5 b5 30. Nf3 Rc8 31. h3 c4 32. bxc4 bxc4 33. Bc2 a5 34. Nh2 Qd8 35. Qxd8+ Rxd8 36. Ng4 Bb5 37. Nf6+ Kh8 38. Bc3 g5 39. a4 Bc6 40. Bxa5 Ra8 41. Bc7 c3 42. Rf3 Rgg8 43. Nxg8 Kxg8 44. Rxc3 Bd7 45. a5 Rc8 46. Rg3 f6 47. exf6 e5 48. Bb3+ Kh7 49. Rxg5 Re8 50. Rg7+ Kh8 51. Rxd7 Re6 52. Rd8+ Kh7 53. Bxe6 Kg6 54. Rf8 Kh7 55. Rg8 Kh6 56. g3 Kh5 57. Bb6 Kh6 58. Rg7 Kh5 59. Bg8 1-0

[Event "OMA-ch"]
[Site "Muscat"]
[Date "2019.12.03"]
[Round "2"]
[White "Al Balushi, Omar"]
[Black "Shamas, Salim Ahmed"]
[Result "0-1"]
[WhiteElo "1614"]
[BlackElo "1740"]
[PlyCount "61"]
[EventDate "2019.12.02"]
[EventType "swiss"]
[EventRounds "9"]
[EventCountry "OMN"]
[SourceTitle "CBM 195 Extra"]
[Source "ChessBase"]
[SourceDate "2020.05.31"]
[SourceVersion "1"]
[SourceVersionDate "2020.05.31"]
[SourceQuality "1"]

1. e4 Nc6 2. d4 e5 3. d5 Nce7 4. Nf3 Ng6 5. Be3 Nf6 6. Qd3 Ng4 7. a3 Nxe3 8. Qxe3 d6 9. b4 Be7 10. c4 0-0 11. Nc3 f5 12. Bd3 Nf4 13. Bf1 fxe4 14. Nxe4 h6 15. g3 Nh3 16. Ng1 Ng5 17. Bg2 Nxe4 18. Bxe4 Bg5 19. Qe2 Bf5 20. Bxf5 Rxf5 21. h4 Be7 22. 0-0-0 Qd7 23. Rd3 Raf8 24. Rh2 Qa4 25. Kb2 b5 26. Rd2 bxc4 27. Qxc4 e4 28. Qxe4 Bf6+ 29. Ka2 Re5 30. Qc4 Re1 31. Qe4 0-1

[Event "OMA-ch"]
[Site "Muscat"]
[Date "2019.12.02"]
[Round "1"]
[White "Shamas, Salim Ahmed"]
[Black "Bait Said, Ali"]
[Result "1-0"]
[WhiteElo "1740"]
[BlackElo "1389"]
[PlyCount "141"]
[EventDate "2019.12.02"]
[EventType "swiss"]
[EventRounds "9"]
[EventCountry "OMN"]
[SourceTitle "CBM 195 Extra"]
[Source "ChessBase"]
[SourceDate "2020.05.31"]
[SourceVersion "1"]
[SourceVersionDate "2020.05.31"]
[SourceQuality "1"]

1. c4 Nf6 2. Nc3 e6 3. e4 d6 4. g3 Be7 5. Bg2 0-0 6. Nge2 Nbd7 7. b3 Re8 8. 0-0 a6 9. Bb2 Nf8 10. d3 Rb8 11. a4 Ng6 12. f4 Ng4 13. Qd2 c6 14. d4 Qb6 15. h3 Nf6 16. Qc2 e5 17. fxe5 dxe5 18. c5 Qc7 19. Nd1 exd4 20. Bxd4 Nh5 21. Qc3 Nf6 22. Nf4 Nxf4 23. gxf4 Bd7 24. Be5 Qc8 25. Bxb8 Qxb8 26. e5 Nd5 27. Bxd5 cxd5 28. b4 Qc8 29. Rf3 f6 30. Nf2 f5 31. Rg3 Be6 32. Kh2 Rd8 33. Qd4 Qd7 34. Rag1 g6 35. Ra3 Rc8 36. Nd3 Bf8 37. Nc1 Qe7 38. Ne2 Qh4 39. Rag3 a5 40. Qf2 Qe7 41. Nd4 axb4 42. Rxg6+ hxg6 43. Rxg6+ Kf7 44. Rf6+ Qxf6 45. exf6 Bxc5 46. Qe3 Bxd4 47. Qxd4 b3 48. Qb4 Rc7 49. Qxb3 Kxf6 50. Qb2+ Kf7 51. Qh8 Ke7 52. h4 Rc4 53. Kg3 d4 54. Qb8 Bd5 55. h5 d3 56. h6 d2 57. Qe5+ Be6 58. Qe2 Rd4 59. h7 d1Q 60. Qxd1 Rxd1 61. h8Q Rd3+ 62. Kh4 Rd7 63. Qe5 Kf7 64. Kg5 Re7 65. Qh8 Bd7 66. a5 Be6 67. Qh5+ Kf8 68. Kf6 Bd5 69. Qh8+ Bg8 70. Qxg8+ Kxg8 71. Kxe7 1-0

[Event "OMA-chT"]
[Site "Muscat"]
[Date "2019.07.12"]
[Round "5.3"]
[White "Aljabri, Salam Humaid"]
[Black "Shamas, Salim Ahmed"]
[Result "0-1"]
[WhiteElo "1595"]
[BlackElo "1728"]
[PlyCount "64"]
[EventDate "2019.07.09"]
[EventType "team-swiss"]
[EventRounds "9"]
[EventCountry "OMN"]
[SourceTitle "EXT 2020"]
[Source "ChessBase"]
[SourceDate "2019.10.17"]
[SourceVersion "1"]
[SourceVersionDate "2019.10.17"]
[SourceQuality "1"]
[WhiteTeam "Samail"]
[BlackTeam "Salalah Blue"]
[WhiteTeamCountry "OMN"]
[BlackTeamCountry "OMN"]

1. e4 b6 2. d4 Bb7 3. Nc3 g6 4. Nf3 Bg7 5. Bc4 e6 6. 0-0 Ne7 7. d5 exd5 8. Nxd5 0-0 9. c3 Nxd5 10. exd5 d6 11. Bg5 Bf6 12. Qd2 Nd7 13. b4 Ne5 14. Nxe5 Bxg5 15. f4 Bf6 16. Ng4 Bg7 17. g3 Bc8 18. Ne3 Qf6 19. Rac1 Re8 20. Bd3 Bh3 21. Rf2 Re7 22. g4 Qh4 23. Be2 Rae8 24. Ng2 Qxf2+ 25. Kxf2 Rxe2+ 26. Qxe2 Rxe2+ 27. Kxe2 Bxg2 28. c4 f5 29. g5 Be4 30. Ke3 Bb2 31. Rg1 Ba3 32. b5 Bc5+ 0-1

[Event "OMA-chT"]
[Site "Muscat"]
[Date "2019.07.11"]
[Round "4.3"]
[White "Shamas, Salim Ahmed"]
[Black "Al Masheki, Abdislam"]
[Result "1/2-1/2"]
[WhiteElo "1728"]
[BlackElo "1705"]
[PlyCount "26"]
[EventDate "2019.07.09"]
[EventType "team-swiss"]
[EventRounds "9"]
[EventCountry "OMN"]
[SourceTitle "EXT 2020"]
[Source "ChessBase"]
[SourceDate "2019.10.17"]
[SourceVersion "1"]
[SourceVersionDate "2019.10.17"]
[SourceQuality "1"]
[WhiteTeam "Salalah Blue"]
[BlackTeam "Salalah White"]
[WhiteTeamCountry "OMN"]
[BlackTeamCountry "OMN"]

1. e4 e5 2. b3 Nc6 3. Bb2 Nf6 4. Nc3 Bb4 5. f3 Bxc3 6. Bxc3 Nxe4 7. fxe4 Qh4+ 8. g3 Qxe4+ 9. Kf2 Qf4+ 10. Ke1 Qe4+ 11. Kf2 Qf4+ 12. Ke1 Qe4+ 13. Kf2 Qf4+ 1/2-1/2

[Event "OMA-chT"]
[Site "Muscat"]
[Date "2019.02.08"]
[Round "8.7"]
[White "Shamas, Salim Ahmed"]
[Black "Al Balushi, Emad"]
[Result "1/2-1/2"]
[WhiteElo "1744"]
[BlackElo "1471"]
[PlyCount "119"]
[EventDate "2019.02.02"]
[EventType "team-swiss"]
[EventRounds "9"]
[EventCountry "OMN"]
[SourceTitle "CBM 189 Extra"]
[Source "ChessBase"]
[SourceDate "2019.05.31"]
[SourceVersion "1"]
[SourceVersionDate "2019.05.31"]
[SourceQuality "1"]

1. c4 Nf6 2. g3 c5 3. Bg2 Nc6 4. Nc3 g6 5. e3 Bg7 6. Nge2 0-0 7. 0-0 d6 8. b3 a6 9. Bb2 Rb8 10. d3 Ne8 11. Rb1 Bf5 12. a3 Nc7 13. h3 Ne5 14. Ne4 e6 15. g4 Bxe4 16. dxe4 b5 17. f4 Nc6 18. e5 d5 19. cxd5 Nxd5 20. Qd2 Na5 21. Ba1 Nxf4 22. Qxd8 Nxe2+ 23. Kf2 Rfxd8 24. Kxe2 c4 25. bxc4 Nxc4 26. a4 Rd2+ 27. Kf3 Nxe5+ 28. Kg3 Nc4 29. Bxg7 Kxg7 30. Rf2 Rxf2 31. Kxf2 b4 32. Rc1 Ne5 33. Bf1 b3 34. Rb1 a5 35. Bb5 b2 36. Ke2 Kf6 37. Rxb2 Kg5 38. Rb3 f5 39. gxf5 gxf5 40. Rc3 Ng6 41. Rc6 e5 42. Ra6 Kh4 43. Rxa5 Kxh3 44. Ra7 h5 45. Bd7 Rb2+ 46. Kd3 Nh4 47. e4 Kg4 48. exf5 Nxf5 49. a5 h4 50. Ra8 Kf4 51. Rf8 e4+ 52. Kc3 Ra2 53. Rxf5+ Kg3 54. Kd4 Rd2+ 55. Kxe4 Rxd7 56. a6 Rg7 57. Ra5 h3 58. a7 h2 59. Ra3+ Kg4 60. a8Q 1/2-1/2

[Event "OMA-chT"]
[Site "Muscat"]
[Date "2019.02.06"]
[Round "6.2"]
[White "Shamas, Salim Ahmed"]
[Black "Salim Issa, Ali Shamas"]
[Result "1/2-1/2"]
[WhiteElo "1744"]
[BlackElo "1881"]
[PlyCount "42"]
[EventDate "2019.02.02"]
[EventType "team-swiss"]
[EventRounds "9"]
[EventCountry "OMN"]
[SourceTitle "CBM 189 Extra"]
[Source "ChessBase"]
[SourceDate "2019.05.31"]
[SourceVersion "1"]
[SourceVersionDate "2019.05.31"]
[SourceQuality "1"]

1. e4 Nc6 2. Nc3 e6 3. Nf3 Bb4 4. a3 Ba5 5. Bc4 Nge7 6. d3 d5 7. exd5 exd5 8. Ba2 Bg4 9. h3 Bh5 10. Bd2 0-0 11. g4 Bg6 12. Nh4 d4 13. Ne2 Bxd2+ 14. Qxd2 Nd5 15. Nxg6 hxg6 16. 0-0-0 b5 17. h4 Ne5 18. Nxd4 c5 19. f4 Nxg4 20. Nf3 Qd6 21. h5 Nxf4 1/2-1/2

[Event "OMA-chT"]
[Site "Muscat"]
[Date "2019.02.02"]
[Round "1.6"]
[White "Shamas, Salim Ahmed"]
[Black "Al Zadjali, Abdul Rahman"]
[Result "1-0"]
[WhiteElo "1744"]
[BlackElo "1330"]
[PlyCount "113"]
[EventDate "2019.02.02"]
[EventType "team-swiss"]
[EventRounds "9"]
[EventCountry "OMN"]
[SourceTitle "CBM 189 Extra"]
[Source "ChessBase"]
[SourceDate "2019.05.31"]
[SourceVersion "1"]
[SourceVersionDate "2019.05.31"]
[SourceQuality "1"]

1. c4 Nf6 2. g3 e6 3. Bg2 d5 4. Nc3 c5 5. b3 Nc6 6. Bb2 Be7 7. e3 0-0 8. Nge2 Re8 9. a3 h6 10. 0-0 Bf8 11. Qc2 g6 12. Rad1 Rb8 13. d4 cxd4 14. Nxd4 Nxd4 15. Rxd4 e5 16. Rdd1 d4 17. exd4 exd4 18. Nb5 Bf5 19. Qd2 Be4 20. Nxd4 Bxg2 21. Kxg2 Ne4 22. Qf4 Qb6 23. Nb5 Ng5 24. Qf6 Qxf6 25. Bxf6 a6 26. Nc7 Re2 27. Nd5 a5 28. Bxg5 hxg5 29. b4 axb4 30. axb4 Kg7 31. Rfe1 Rb2 32. c5 Ra8 33. Re3 Raa2 34. Rf1 Rd2 35. Nc3 Rab2 36. Re4 Rd3 37. Rb1 Rc2 38. Nd1 Rcd2 39. Re1 g4 40. Ne3 f5 41. Red1 Rxd1 42. Rxd1 Rxd1 43. Nxd1 Kf6 44. Ne3 Ke5 45. Nc4+ Kd4 46. Na5 Kd5 47. Nxb7 Kc6 48. Nd8+ Kb5 49. Ne6 Be7 50. Nd4+ Kc4 51. c6 Bd6 52. Ne6 Kxb4 53. c7 Bxc7 54. Nxc7 Kc5 55. Ne6+ Kd6 56. Nf4 g5 57. Ne2 1-0

[Event "Arab Clubs-chT"]
[Site "Sharjah"]
[Date "2018.02.08"]
[Round "3.4"]
[White "Ahmed, Fareed"]
[Black "Shamas, Salim Ahmed"]
[Result "1-0"]
[WhiteElo "2003"]
[BlackElo "1593"]
[PlyCount "91"]
[EventDate "2018.02.06"]
[EventType "team-tourn"]
[EventRounds "9"]
[EventCountry "UAE"]
[SourceTitle "CBM 182 Extra"]
[Source "ChessBase"]
[SourceDate "2018.02.23"]
[SourceVersion "1"]
[SourceVersionDate "2018.02.23"]
[SourceQuality "1"]
[WhiteTeam "Dubai Chess & Culture"]
[BlackTeam "Salalah CC"]
[WhiteTeamCountry "UAE"]
[BlackTeamCountry "OMN"]

1. e4 Nc6 2. d4 e5 3. Nf3 exd4 4. Nxd4 Nf6 5. Nc3 Bc5 6. Be3 Bb6 7. Nf5 Bxe3 8. Nxe3 d6 9. Bd3 Be6 10. 0-0 Qd7 11. f4 Bg4 12. Qd2 0-0-0 13. h3 h5 14. hxg4 hxg4 15. e5 Qe7 16. exf6 Qxf6 17. Bf5+ Kb8 18. Bxg4 Qh4 19. Bh3 Qg3 20. Ne4 Qg6 21. f5 Qh5 22. Ng4 f6 23. Rae1 Ne5 24. Nxe5 fxe5 25. Qg5 Qf7 26. Qg6 Qc4 27. Ng5 Rdf8 28. Ne6 Rc8 29. Nxg7 Qxc2 30. Qg3 Qxb2 31. f6 Rcf8 32. Ne6 Qb6+ 33. Qf2 Rxf6 34. Qxb6 Rxf1+ 35. Rxf1 axb6 36. Rf8+ Rxf8 37. Nxf8 c5 38. Kf2 Kc7 39. Be6 Kc6 40. g4 d5 41. g5 c4 42. g6 c3 43. Ke2 e4 44. g7 c2 45. Kd2 e3+ 46. Kxc2 1-0